00861nam a2200181 a 450000100100000000500170001000800410002704000250006811101050009324500550019826000580025330000200031149000540033183000610038595201110044695201050055799900170066200004432020201002045306.0140613s1987 dr 000 0 spa d aDO-SdBNPbspacBNPHU2 aSeminario de desarrollo integral del Esten(2:d1986 : 27 sept.cSan Francisco de Macorís )97232910aSegundo seminario de desarrollo integral del este. aSanto Domingo :bUniversidad Central del Este,c1987. a79 p. ;c24 cm.1 aUniversidad Central del Estev66aconferenciasn2 0aUniversidad Central del Estev66pconferenciasn2972330 0010718PDaPDbPDcCTd2014-06-13iLF1l0o p44320-10r2020-06-25te. 2w2020-06-25yLFPDZNo se presta 0010718PDaPDbPDcCTd2014-06-13iLF1l0o p44320-20r2020-06-25w2020-06-25yLFPDZNo se presta c43809d43809